000 01069nas a2200289 4500
001 BR8603012
003 BR-BrBNA
005 20231205090522.0
007 ta
008 230509b bl.|||p| |||| 00| 00por d
040 _aBR-BrBNA
_bpor
_cBiblioteca Nacional de Agricultura
041 _a(Pt)
072 _aH10
100 1 _aLink, D.
100 1 _aRosa, N.O. da
100 1 _aCosta, E.C.
111 1 _a12. Reuniao Anual de Pesquisa de Soja da Regiao Sul
_cPelotas, RS (Brazil)
_dAug 1984
245 1 _aEficiencia de profenofos sobre a lagarta da soja e predadores na cultura da soja [Glycine max, Anticarsia gemmatalis, inseticida]
_bParte de projeto
246 1 _aProfenophos efficiency upon velvet bean caterpillar and natural enemies on soybean crop.
_bPart of project
650 _aSOJA
650 _aLAGARTA
650 _aINSETICIDA
650 _aPREDADOR
773 0 _tRevista do Centro de Ciencias Rurais (Brazil)
_xISSN 0085-5901
_g(Apr-Jun 1985), v. 15(2) p. 101-108
_wBR8603012
909 _a202311
_bLúcia
_c55
_dLúcia Elande
942 _2AGRIS
_n0
_cANA
999 _c118996
_d118996